Science Quiz

Random Science or Book Quiz

Science Books: The Subtitles II Quiz Stats

 Plays Quiz Updated Oct 11, 2017

Challenge
Share
Tweet
Embed
Score 0/15 Timer 04:00
2 Plays Today
% Correct
The Double Helix
92.7%
The Pluto Files
91.5%
At the Water's Edge
89%
Relativity
88%
How to Bake Pi
87.6%
The Panic Virus
86.2%
Kraken
85.3%
The Drunken Botanist
85.2%
% Correct
The Elements
84.3%
The Code Book
83.4%
Uranium
83.4%
Labyrinths of Reason
78.2%
Nothing
74.2%
Prime Obsession
73.3%
Gulp
71.9%

You're not logged in!

Compare scores with friends on all Sporcle quizzes.
Join for Free
OR
Log In

You Might Also Like...

Show Comments

Extras

Top Quizzes Today


Score Distribution

Your Account Isn't Verified!

In order to create a playlist on Sporcle, you need to verify the email address you used during registration. Go to your Sporcle Settings to finish the process.

Report this User

Report this user for behavior that violates our Community Guidelines.

Details: